La philosophie de Martin Heidegger /

Αποθηκεύτηκε σε:
Λεπτομέρειες βιβλιογραφικής εγγραφής
Κύριος συγγραφέας: Waelhens, Alphonse de (autor)
Μορφή: Βιβλίο
Γλώσσα:Γαλλικά
Έκδοση: Lovaina, Bélgica : Institut Supérieur de Philosophie, 1946
Ετικέτες: Προσθήκη ετικέτας
Δεν υπάρχουν, Καταχωρήστε ετικέτα πρώτοι!

MARC

LEADER 00000nam^a2200000^a^4500
001 000569958
005 20250521000000.0
009 20260310132219.245
037 |a Acervo Xavier Clavigero 
041 |a FRA 
091 |a FPA. 02734 
100 |a Waelhens, Alphonse de  |e (autor) 
245 1 3 |a La philosophie de Martin Heidegger / 
264 1 |a Lovaina, Bélgica :  |b Institut Supérieur de Philosophie,  |c 1946 
300 |a XI, 379 p. 
336 |a texto  |b txt  |2 rdacontenido 
337 |a sin mediación  |b n  |2 rdamedio 
338 |a volumen  |b nc  |2 rdasoporte 
649 |a XX 
910 |a Fondo José Ignacio Palencia Gómez S.J. 
920 |a Impresos - Libros 
930 |a Fondos Especiales 
905 |a 137 
901 |a 0500357879  |b IT2  |c ESL  |i D  |u 20250521 
902 |a https://opac.biblio.iteso.mx/vufind/Record/000569958